=LDR 00000nam 2200000 4500 =001 INLIS000000000034589 =005 20130612140504 =008 ***********************************ind** =035 ##$$0010-061300000034589 =041 ##$$a ind =082 ##$$a 813 =090 ##$$a 813, Try c =100 ##$$a TRYANEE =245 ##$$a Cowok nyebelin banget, Tryanee ; penyuting Benny Rhamdani =260 ##$$a 2006 $b Bandung =300 ##$$a 195 hlm, 20 cm =650 ##$$a Fiksi Indonesia =650 ##$$a Rhamdani, benny =850 ##$$a NBPNMAT